000 00621nam a2200217Ia 4500
003 GCL
008 140319s9999 xx 000 0 ara d
040 _aGCL /
_cGCL
082 0 4 _a641.8
_bو ك
100 1 _aوفاء حمود
245 1 0 _aكيف تطهين بفرن المايكرو.وايف /
_cوفاء حمود
700 1 _aفاطمة المغربى
700 1 _aنهدية الزيباوى
300 _a109 ص
490 _aسلاسل سوفنير
_v0
650 0 4 _aالاقتصاد المنزلى
650 0 4 _aالطبخ
650 0 4 _aالطهى
650 0 4 _aالمايكرويف
942 _2ddc
_cBK
999 _c43400
_d43400